000 00462nam a2200157 4500
005 20260310165021.0
008 260310b |||||||| |||| 00| 0 eng d
041 _aMarathi
082 _aX 891 MAN B12320
100 _aमांडके, शशिकांत
_9216975
245 _aशौर्यभास्कर नेताजी
260 _aPune
_bBharatiya Vichar Sadhana
_c2023
300 _a112p
_bPb
365 _aRupaye
_b110
_cINR
942 _cBK
999 _c370683
_d370683